Cyclisme 2023 : De quel pays est originaire le champion du monde ? - Statistiques

Statistiques générales
  • Ce quiz a été pris 24 fois
  • Le résultat moyen est 12 sur 79
Statistiques - réponses
Hint Réponse % Correct
Course élites Championnat du monde de BMX H France
91%
Course en ligne Elites Championnat du monde de cyclisme sur route H Pays-Bas
50%
Course en ligne Elites Championnat du monde de cyclisme sur route F Belgique
41%
Course Elites Championnat du monde de cyclo-cross H Belgique
41%
Course en ligne - 23 ans Championnat du monde de cyclisme sur route H France
41%
Course - 23 ans Championnat du monde de BMX F France
36%
Course Juniors Championnat du monde de cyclo-cross H France
36%
Course Elites Championnat du monde de cyclo-cross F Pays-Bas
36%
Contre la montre Elites Championnat du monde de cyclisme sur route H Belgique
32%
Course en ligne Juniors Championnat du monde de cyclisme sur route F France
32%
Course - 23 ans Championnat du monde de cyclo-cross H Pays-Bas
32%
Course - 23 ans Championnat du monde de cyclo-cross F Pays-Bas
32%
Course masters Championnat du monde de BMX F France
23%
Course élites Championnat du monde de BMX F Royaume-Uni
23%
Cross-country Elites Championnat du monde de VTT F France
18%
Kilomètre contre la montre Championnat du monde de cyclisme sur piste H Pays-Bas
18%
Relais Championnat du monde de cyclo-cross Mixte Pays-Bas
18%
Cross-country Elites Championnat du monde de VTT H Royaume-Uni
18%
Contre la montre par équipes Championnat du monde de cyclisme sur route Mixte Suisse
18%
Vitesse par équipes Championnat du monde de cyclisme sur piste F Allemagne
14%
Course Juniors Championnat du monde de cyclo-cross F Canada
14%
Course en ligne Juniors Championnat du monde de cyclisme sur route H Danemark
14%
Omnium Championnat du monde de cyclisme sur piste F Etats-Unis
14%
Contre la montre Elites Championnat du monde de cyclisme sur route F Etats-Unis
14%
Cross-country short track Elites Championnat du monde de VTT F France
14%
Keirin Championnat du monde de cyclisme sur piste F Nouvelle-Zélande
14%
Cross-country short track Elites Championnat du monde de VTT H Nouvelle-Zélande
14%
Vitesse individuelle Championnat du monde de cyclisme sur piste H Pays-Bas
14%
Vitesse par équipes Championnat du monde de cyclisme sur piste H Pays-Bas
14%
Américaine Championnat du monde de cyclisme sur piste H Pays-Bas
14%
Poursuite par équipe Championnat du monde de cyclisme sur piste F Royaume-Uni
14%
Cross-country - 23 ans Championnat du monde de VTT H Royaume-Uni
14%
Descente Elites Championnat du monde de VTT H Royaume-Uni
14%
Course - 23 ans Championnat du monde de BMX H Suisse
14%
Cross-country Relais Championnat du monde de VTT Mixte Suisse
14%
Cyclisme artistique Simple Championnat du monde de cyclisme en salle H Allemagne
9%
Cyclisme artistique Simple Championnat du monde de cyclisme en salle F Allemagne
9%
Cyclisme artistique Paire Championnat du monde de cyclisme en salle F Allemagne
9%
Cyclisme artistique Paire open Championnat du monde de cyclisme en salle Mixte Allemagne
9%
Cycle-ball Championnat du monde de cyclisme en salle H Allemagne
9%
Cycle-ball Championnat du monde de cyclisme en salle F Allemagne
9%
Contre la montre - 23 ans Championnat du monde de cyclisme sur route F Allemagne
9%
Descente Juniors Championnat du monde de VTT H Allemagne
9%
Course juniors Championnat du monde de BMX H Argentine
9%
Contre la montre Juniors Championnat du monde de cyclisme sur route H Australie
9%
Contre la montre Juniors Championnat du monde de cyclisme sur route F Australie
9%
Descente Elites Championnat du monde de VTT F Autriche
9%
Keirin Championnat du monde de cyclisme sur piste H Colombie
9%
Poursuite par équipe Championnat du monde de cyclisme sur piste H Danemark
9%
Cross-country Juniors Championnat du monde de VTT H Danemark
9%
Course masters Championnat du monde de BMX H Etats-Unis
9%
Cross-country éliminatoire Championnat du monde de VTT H France
9%
Poursuite individuelle Championnat du monde de cyclisme sur piste H Italie
9%
Contre la montre - 23 ans Championnat du monde de cyclisme sur route H Italie
9%
Cross-country éliminatoire Championnat du monde de VTT F Italie
9%
Descente Juniors Championnat du monde de VTT F Nouvelle-Zélande
9%
Omnium Championnat du monde de cyclisme sur piste H Portugal
9%
Vitesse individuelle Championnat du monde de cyclisme sur piste F Royaume-Uni
9%
Américaine Championnat du monde de cyclisme sur piste F Royaume-Uni
9%
500 m contre la montre Championnat du monde de cyclisme sur piste F Allemagne
5%
Cross-country marathon Championnat du monde de VTT F Autriche
5%
Course aux points Championnat du monde de cyclisme sur piste F Belgique
5%
Course à l'élimination Championnat du monde de cyclisme sur piste F Belgique
5%
Cross-country marathon Championnat du monde de VTT H Brésil
5%
Cross-country Juniors Championnat du monde de VTT F Canada
5%
Poursuite individuelle Championnat du monde de cyclisme sur piste F Etats-Unis
5%
Scratch Championnat du monde de cyclisme sur piste F Etats-Unis
5%
Course en ligne - 23 ans Championnat du monde de cyclisme sur route F Hongrie
5%
Course juniors Championnat du monde de BMX F Lettonie
5%
Course aux points Championnat du monde de cyclisme sur piste H Nouvelle-Zélande
5%
Cross-country - 23 ans Championnat du monde de VTT F Nouvelle-Zélande
5%
Scratch Championnat du monde de cyclisme sur piste H Royaume-Uni
5%
Course à l'élimination Championnat du monde de cyclisme sur piste H Royaume-Uni
5%
Quatuor Championnat du monde de cyclisme en salle F Suisse
5%
Cross-country à assistance électrique Elites Championnat du monde de VTT H Suisse
5%
Cross-country à assistance électrique Elites Championnat du monde de VTT F Suisse
5%
Cross-country four cross Championnat du monde de VTT H Tchéquie
5%
Cross-country four cross Championnat du monde de VTT F Tchéquie
5%
Cross-country en relais Championnat du monde de VTT Mixte Glasgow
0%
Aucun quiz correspondant
Distribution des résultats
% des personnes avec chaque résultat
Percentile par nombre de réponses
Votre historique - résultats
Vous n’avez pas pris ce quiz